Blood water paint / (Record no. 17471)
[ view plain ]
| 000 -LEADER | |
|---|---|
| fixed length control field | 00468nam a2200145 4500 |
| 008 - FIXED-LENGTH DATA ELEMENTS--GENERAL INFORMATION | |
| fixed length control field | 221021b ||||| |||| 00| 0 eng d |
| 020 ## - INTERNATIONAL STANDARD BOOK NUMBER | |
| International Standard Book Number | 9780735232136 |
| 082 ## - DEWEY DECIMAL CLASSIFICATION NUMBER | |
| Edition number | 2019 |
| Classification number | DFic |
| Item number | M139 |
| 100 ## - MAIN ENTRY--PERSONAL NAME | |
| Personal name | McCullough, Joy. |
| 9 (RLIN) | 46485 |
| 245 ## - TITLE STATEMENT | |
| Title | Blood water paint / |
| Statement of responsibility, etc. | Joy McCullough. |
| 260 ## - PUBLICATION, DISTRIBUTION, ETC. (IMPRINT) | |
| Place of publication, distribution, etc. | New York : |
| Name of publisher, distributor, etc. | Penguin Books, |
| Date of publication, distribution, etc. | ©2019. |
| 300 ## - PHYSICAL DESCRIPTION | |
| Extent | 311 pages ; |
| Dimensions | 21 cm. |
| 650 ## - SUBJECT ADDED ENTRY--TOPICAL TERM | |
| Topical term or geographic name as entry element | Gentileschi, Artemisia, 1593-1652 or 1653 |
| General subdivision | Juvenile fiction. |
| 9 (RLIN) | 46486 |
| 942 ## - ADDED ENTRY ELEMENTS (KOHA) | |
| Source of classification or shelving scheme | Dewey Decimal Classification |
| Koha item type | Fiction |
| Withdrawn status | Lost status | Source of classification or shelving scheme | Damaged status | Not for loan | Collection code | Home library | Current library | Shelving location | Date acquired | Source of acquisition | Cost, normal purchase price | Total Checkouts | Full call number | Barcode | Date last seen | Date last checked out | Price effective from | Koha item type |
|---|---|---|---|---|---|---|---|---|---|---|---|---|---|---|---|---|---|---|
| Dewey Decimal Classification | Fiction | UM Digos College - LIC | UM Digos College - LIC | Book Cart | 08/16/2022 | Purchased | 1100.00 | 5 | DFic M139 2019 | 27205 | 01/28/2026 | 01/23/2026 | 10/21/2022 | Fiction |
